Gaming Quiz

Random Gaming or Video Games Quiz

The Unwelcome Gaming Guest II Quiz Stats

 Plays Quiz Updated Jun 3, 2018

Challenge
Share
Tweet
Embed
Score 0/15 Timer 06:00
8 Plays Today
Question Answer Wrong Answers
Sonic the Hedgehog 2 Rosalina
88%
Tails
3.3%
Dr. Robotnik
7.4%
Sonic
0.7%
Pac-Man Stinky
86.8%
Blinky
1.7%
Pinky
1.6%
Clyde
9.7%
Mike Tyson's Punch-Out Super Bomberman
86.3%
Little Mac
6.8%
Glass Joe
3.9%
Mike Tyson
1.8%
Minecraft Metroid
83.9%
Enderman
5.2%
Zombie
6.7%
Creeper
4.2%
Street Fighter II Sub-Zero
80.8%
Ryu
3.2%
Chun-Li
3.1%
Blanka
11.2%
Super Smash Bros. Master Chief
74.6%
Yoshi
2.9%
Captain Falcon
5.8%
Pikachu
14.8%
Crash Bandicoot Spyro
74.4%
Neo Cortex
8.4%
Aku Aku
8.3%
Nitrus Brio
6.4%
Chrono Trigger Fox
66.5%
Chrono
7.9%
Marle
11.8%
Lucca
9.8%
Splinter Cell Tom Clancy
61.5%
Sam Fisher
8.2%
Irving Lambert
9.4%
Anna Grimsdóttír
16.7%
Final Fantasy VII Shigeru Miyamoto
60.6%
Cloud Strife
13.9%
Tifa Lockhart
11.8%
Aerith Gainsborough
10.7%
Mega Man Death Man
56%
Cut Man
25.5%
Bomb Man
9.9%
Fire Man
4.3%
Grim Fandango John Marston
55.9%
Manny Calavera
11.1%
Meche Colomar
13.9%
Domino Hurley
15.4%
Banjo-Kazooie Conker
54.8%
Gruntilda
23.9%
Tooty
14.1%
Banjo
3.6%
Overwatch Fisher
54.4%
Tracer
5.5%
Reaper
11.1%
Genji
25%
The Oregon Trail Mayor
52%
Banker
24.4%
Carpenter
13.4%
Farmer
6.3%

You're not logged in!

Compare scores with friends on all Sporcle quizzes.
OR
Log In

You Might Also Like...

Show Comments

Extras

Top Quizzes Today


Score Distribution

Your Account Isn't Verified!

In order to create a playlist on Sporcle, you need to verify the email address you used during registration. Go to your Sporcle Settings to finish the process.

Report this User

Report this user for behavior that violates our Community Guidelines.

Details: